000 00696nam a2200289Ia 4500
005 20260324135049.0
008 008 260324s9999 xx 000 0 eng d
020 _a9780429497544
037 _aEBOOK
040 _aCRL
040 _beng
040 _cCRL
041 _2eng
041 _aeng
084 _qCRL
100 _aTakeshi Inomata
_91199181
245 0 _aRoyal Courts Of The Ancient Maya
245 0 _bVolume 1: Theory, Comparison, And Synthesis
260 _bTaylor and Francis
260 _c2001
365 _a
365 _b230
856 _uhttp://www.taylorfrancis.com/books/9780429497544
942 _cEBOOK
999 _c1799900
_d1799900